Roger Deakins or Emmanuel Lubezki or...? - Statistics

General Stats
  • This quiz has been taken 2 times
  • The average score is 9 of 20
Answer Stats
Question Answer % Correct
Like Water for Chocolate/Como agua para chocolate (Alfonso Arau, 1992) Emmanuel Lubezki
100%
Nineteen Eighty-Four (Michael Radford, 1984) Roger Deakins
100%
Sleepy Hollow (Tim Burton, 1999) Emmanuel Lubezki
50%
The Tree of Life (Terrence Malick, 2011) Emmanuel Lubezki
50%
Ali (Michael Mann, 2001) Emmanuel Lubezki
50%
Amores Perros (Alejandro González Iñárritu, 2000) Neither
50%
Brooklyn (John Crowley, 2015) Neither
50%
By the Sea (Angelina Jolie, 2015) Neither
50%
City of Angels (Brad Silberling, 1998) Neither
50%
Miller's Crossing (Ethan Coen and Joel Coen, 1990) Neither
50%
Walker (Alex Cox, 1987) Neither
50%
The Assassination of Jesse James by the Coward Robert Ford (Andrew Dominik, 2007) Roger Deakins
50%
The Village (M. Night Shyamalan, 2004) Roger Deakins
50%
Doubt (John Patrick Shanley, 2008) Roger Deakins
50%
The Shawshank Redemption (Frank Darabont, 1994) Roger Deakins
50%
Amsterdam (David O. Russell, 2022) Emmanuel Lubezki
0%
Meet Joe Black (Martin Brest, 1998) Emmanuel Lubezki
0%
American Beauty (Sam Mendes, 1999) Neither
0%
In Time (Andrew Niccol, 2011) Roger Deakins
0%
Closer (Mike Nichols, 2004) Roger Deakins
0%
No matching quizzes found
Score Distribution
Percent of People with Each Score
Percentile by Number Answered
Your Score History
You have not taken this quiz